MARC

LEADER 00000nam0a2200000 4500
001 349119
005 20231102010155.0
035 |a (RuTPU)RU\TPU\retro\1123 
090 |a 349119 
100 |a 20180412d1979 km y0rusy50 ca 
101 0 |a rus 
102 |a RU 
105 |a a z 001zy 
200 1 |a Совершенствование технологии подземной разработки пластовых месторождений  |f К. Н. Адилов  |g под ред. А. С. Бурчакова 
210 |a Москва  |c Недра  |d 1979 
215 |a 304 с.  |c ил. 
320 |a Библиогр.: с. 297-302 
606 1 |a Угледобыча  |x Технико-экономические показатели  |2 stltpush  |3 (RuTPU)RU\TPU\subj\62338 
606 1 |a Калийные соли  |x Добыча  |x Экономичская эффективность  |2 stltpush  |3 (RuTPU)RU\TPU\subj\13528  |9 40120 
610 1 |a уголь 
610 1 |a калийная руда 
610 1 |a добыча 
610 1 |a шахты 
610 1 |a технологии 
610 1 |a надежность 
610 1 |a выемка 
610 1 |a угольные пласты 
610 1 |a горно-геологические условия 
610 1 |a очистные работы 
610 1 |a калийные пласты 
610 1 |a горное производство 
610 1 |a оптимизация 
610 1 |a схемы 
675 |a 622.333.013  |v 4 
675 |a 622.363.2  |v 4 
700 1 |a Адилов  |b К. Н.  |g Каиржан Наукебаевич 
702 1 |a Бурчаков  |b А. С.  |4 340 
801 1 |a RU  |b 63413507  |c 20180412 
801 2 |a RU  |b 63413507  |c 20180413  |g RCR 
942 |c BK